[Event "VIE-ch U15"]
[Site "Ho Chi Minh City"]
[Date "2022.07.13"]
[Round "4"]
[White "Nguyen, Le Nhat Huy"]
[Black "Tran, Phat Dat"]
[Result "0-1"]
[WhiteElo "2298"]
[BlackElo "2299"]
[PlyCount "158"]
[EventDate "2022.07.11"]
[EventType "swiss"]
[EventRounds "9"]
[EventCountry "VIE"]
[SourceTitle "EXT 2023"]
[Source "ChessBase"]
[SourceDate "2022.10.05"]
[SourceVersion "1"]
[SourceVersionDate "2022.10.05"]
[SourceQuality "1"]

1. g3 Nf6 2. Bg2 e6 3. Nf3 d5 4. 0-0 Be7 5. d3 0-0 6. Nc3 c5 7. e4 b6 8. Bf4 Nc6 9. Ne5 Bb7 10. Nxc6 Bxc6 11. Re1 Re8 12. Be5 d4 13. Bxf6 Bxf6 14. Ne2 e5 15. Qd2 b5 16. Rac1 a5 17. c3 Qb6 18. Kh1 Bd7 19. f4 Be6 20. cxd4 cxd4 21. b3 Be7 22. Qb2 f6 23. Rc2 b4 24. Rec1 Rec8 25. f5 Bd7 26. Rxc8+ Bxc8 27. Rc2 Ba6 28. Nc1 Qb7 29. Bf3 Rc8 30. Rxc8+ Qxc8 31. Bd1 Qc3 32. Qc2 Kf7 33. Kg2 g6 34. g4 Bf8 35. Qxc3 bxc3 36. Bc2 Bh6 37. Ne2 Ke7 38. Kf1 Bd2 39. h4 Kd6 40. Ng3 Kc5 41. a3 Bc1 42. fxg6 hxg6 43. h5 gxh5 44. gxh5 Bb5 45. Nf5 Be8 46. h6 Bg6 47. Ne7 Bh7 48. Nd5 Bg5 49. Ke1 f5 50. Ke2 f4 51. Kf2 Bxh6 52. Nf6 Bg6 53. Nd7+ Kd6 54. Nb6 Bf7 55. Nc4+ Bxc4 56. dxc4 Kc5 57. Ke2 a4 58. Kd3 axb3 59. Bxb3 f3 60. Bd1 f2 61. Be2 Bc1 62. a4 Kb4 63. Kc2 Be3 64. Bf1 Kxa4 65. c5 Bg5 66. c6 Bd8 67. Bd3 Kb4 68. Bf1 Kc5 69. Bd3 Kxc6 70. Bf1 Bg5 71. Bd3 Be3 72. Bf1 Kd6 73. Bc4 Ke7 74. Bd3 Kf6 75. Kd1 Kg5 76. Ke2 Kf4 77. Bc2 Kg3 78. Kf1 Bf4 79. Bd1 d3 0-1

[Event "VIE-ch U15"]
[Site "Ho Chi Minh City"]
[Date "2022.07.11"]
[Round "1"]
[White "Pham, Duc Phong"]
[Black "Nguyen, Le Nhat Huy"]
[Result "1/2-1/2"]
[WhiteElo "2285"]
[BlackElo "2298"]
[PlyCount "91"]
[EventDate "2022.07.11"]
[EventType "swiss"]
[EventRounds "9"]
[EventCountry "VIE"]
[SourceTitle "EXT 2023"]
[Source "ChessBase"]
[SourceDate "2022.10.05"]
[SourceVersion "1"]
[SourceVersionDate "2022.10.05"]
[SourceQuality "1"]

1. d4 Nf6 2. Bf4 g6 3. e3 Bg7 4. h3 d5 5. Nf3 c5 6. c3 Nc6 7. Nbd2 0-0 8. Be2 Ne8 9. Nb3 c4 10. Nbd2 Bf5 11. g4 Bd7 12. Ne5 f6 13. Nxc6 Bxc6 14. Bg3 e5 15. 0-0 Qe7 16. Nf3 Nd6 17. Qc2 Rae8 18. Rae1 e4 19. Nh4 f5 20. gxf5 Nxf5 21. Nxf5 Rxf5 22. Bg4 Rf7 23. f4 h5 24. Bd1 Bd7 25. Qg2 Bf5 26. Kh2 b5 27. Re2 a5 28. Be1 Rb8 29. a3 Kh7 30. Rg1 Bf6 31. Qf2 Qe6 32. b3 Be7 33. Ra2 b4 34. cxb4 axb4 35. a4 Bd8 36. h4 Rc7 37. Qg2 Bg4 38. Bc2 Rc6 39. Rb2 c3 40. Rb1 Bc7 41. Bg3 Rf8 42. Rbe1 Qe7 43. Rgf1 Qd7 44. Rf2 Rcf6 45. Ref1 Qd8 46. Kg1 1/2-1/2

[Event "VIE-ch U11"]
[Site "Hai Phong"]
[Date "2018.07.12"]
[Round "8"]
[White "Tran, Van Anh Kiet"]
[Black "Nguyen, Le Nhat Huy"]
[Result "1-0"]
[WhiteElo "1892"]
[BlackElo "1875"]
[PlyCount "89"]
[EventDate "2018.07.07"]
[EventType "swiss"]
[EventRounds "9"]
[EventCountry "VIE"]
[SourceTitle "EXT 2019"]
[Source "ChessBase"]
[SourceDate "2018.10.10"]
[SourceVersion "1"]
[SourceVersionDate "2018.10.10"]
[SourceQuality "1"]

1. d4 Nf6 2. c4 g6 3. Nf3 Bg7 4. e3 0-0 5. Bd3 e6 6. 0-0 d5 7. Nc3 c6 8. h3 b6 9. b3 Bb7 10. Bb2 Nbd7 11. Qe2 c5 12. Rac1 Rc8 13. Rfd1 Qe7 14. cxd5 Nxd5 15. Nxd5 Bxd5 16. Ba6 Rc7 17. e4 Bb7 18. Bxb7 Rxb7 19. dxc5 Nxc5 20. Ba3 Rc8 21. b4 Rbc7 22. bxc5 bxc5 23. Rc4 Qe8 24. Rdc1 Qb5 25. Qe3 Bf8 26. Qb3 Qb6 27. Qxb6 axb6 28. Rb1 Ra7 29. Bc1 Rb8 30. Be3 Rbb7 31. Rc2 Ra6 32. Ne5 Bd6 33. Nc4 Bf8 34. Rcb2 Kg7 35. Rxb6 Rbxb6 36. Rxb6 Rxa2 37. Rc6 Ra1+ 38. Kh2 Re1 39. f3 Re2 40. Bxc5 Bxc5 41. Rxc5 f5 42. exf5 exf5 43. Re5 Rc2 44. Ne3 Rc3 45. Re7+ 1-0